000 00430cam a2200169ua 4500
020 _c6.50
041 _aeng
_h
082 _a581.4
_bFOS/PR
100 _aFoster, Adriance S .
245 _aPractical plant anatomy /
_cAdriance S Foster.
_hTextual Documents
260 _aNew York :
_bVan Nostrand Reinhold Company ,
_c1960.
300 _a228 ; .
365 _a6.50
504 _a
942 _cBK
999 _c10321
_d10321